000 00643nam a2200169Ia 4500
008 220216s9999 xx 000 0 und d
100 _aAlex R
245 0 _aCarbon black/silica master batch from fresh natural rubber latex: A novel process
260 _bInternational Conference on Advances in Polymer Science and Rubber Technology (APSRT). Challenges Towards 2020 and Beyond, 3-5 March 2011, Indian Institute of Technology, Kharagpur, India. p. 86.
650 _aCarbon black
650 _aLatex master batch
650 _aNatural rubber latex
650 _aSilica
700 _aChandra A K
700 _aSasidharan K K
942 _cBS
999 _c51453
_d51453